Statistics for Animals In Film Titles

Click here to take the quiz!

General Stats

  • This quiz has been taken 61 times
  • The average score is 10 of 13

Answer Stats

FilmBird% Correct
Alvin And The ________sChipmunk
100%
Planet Of The ___sApe
98%
Kung Fu _____Panda
98%
_____s On A PlaneSnake
95%
To Kill A ___________Mockingbird
93%
One Flew Over The ______'s NestCuckoo
85%
The ____ KingLion
85%
The _____ Has LandedEagle
80%
101 _________sDalmatian
76%
_______ LittleChicken
73%
Shaun The _____ MovieSheep
60%
War _____Horse
51%
The ________ ManElephant
33%

Score Distribution

Percentile by Number Answered

Percent of People with Each Score

Your Score History

You have not taken this quiz